000 00354nam a2200157Ia 4500
008 230718s9999 xx 000 0 und d
041 _aeng
082 _a004
_bKUL
100 _aKulkarni V.
245 _aTheory Of Computer Science
260 _c1999
_bTechnova
300 _a244
365 _cRs.
_b195.00
700 _aKulkarni V.
906 _cCOMP
999 _c299104
_d299104